Wo Götter, Menschen und Tote lebten : eine Studie zum Weltbild der alten Ägypter /

محفوظ في:

المؤلف الرئيسي: Kurth, Dieter (مؤلف)

التنسيق: كتاب

اللغة: German

منشور في: Hutzel : Backe-Verlag, [2016].

سلاسل: Quellen und interpretationen Altagypten ; 3.
QUIA ; 3.

الموضوعات:

الوسوم: إضافة وسم

لا توجد وسوم, كن أول من يضع وسما على هذه التسجيلة!

رقم الطلب: BL2441.3 .K87 2016

LEADER 00805namaa2200253 4500
003 OSt
005 20250929101546.0
008 130303t20162016gw a b 000 0 ger d
020 |a 9783981487367 
040 |c ARCE Library 
050 4 |a BL2441.3 .K87 2016 
100 1 |a Kurth, Dieter,  |e author 
245 1 0 |a Wo Götter, Menschen und Tote lebten :  |b eine Studie zum Weltbild der alten Ägypter /  |c Dieter Kurth. 
264 1 |a Hutzel :  |b Backe-Verlag,  |c [2016]. 
264 4 |c ©2016. 
300 |a 352 pages :   |b iillustrations ;   |c 30 cm. 
490 0 |a Quellen und interpretationen Altagypten ;  |v 3. 
490 0 |a QUIA ;   |v 3. 
504 |a Includes bibliographical references. 
650 0 |a Gods, Egyptian. 
651 0 |a Egypt  |x Religion  |y 332 B. C-640 A.D. 
901 |a reviewed 
942 |c BK  |2 lcc 
999 |c 1425  |d 1425